• 首页
  • 本馆介绍
  • 公告通知
  • 最新文献
  • 馆藏检索
  • 电子资源
  • 读者导购
  • 参考咨询
  • 我的图书馆
  • 登录
  • 详细信息显示
  • 放入我的书架
  • 预约/预借图书
  • 作者相关作品
  • 分类相关作品
  • 丛书相关作品
  • 出版社相关作品

书目信息

  • 表格格式
  • 工作单格式
  • 卡片格式
题名:
护眼本草
    
 
作者: 聂天祥 编著
分册:  
出版信息: 北京   中国中医药出版社  2017.06
页数: 252页
开本: 24cm
丛书名:
单 册:
中图分类: R247.1 , TS972.161
科图分类:
主题词: 眼病--食物疗法 , 眼病--食物疗法--食谱
电子资源:
ISBN: 978-7-5132-4129-8
000 00838nam0 2200241 450
001 3707
005 20181008133256.70
010    @a978-7-5132-4129-8@dCNY48.00
100    @a20170905d2017 em y0chiy50 ea
101 0  @achi
102    @aCN@b110000
105    @ay z 001yy
200 1  @a护眼本草@9hu yan ben cao@e食疗应用版@f聂天祥编著
210    @a北京@c中国中医药出版社@d2017.06
215    @a252页@d24cm
330    @a本书收集眼病常用食疗食物141味,基于本草学的理论,介绍每位食物的性味、功能、用法和使用注意,重点总结归纳每位食物在眼病食疗方面的应用,规范眼病适应证,明确食疗理念,特别详细介绍食疗方剂的制法。
606 0  @a眼病@x食物疗法
606 0  @a眼病@x食物疗法@x食谱
690    @aR247.1@v5
690    @aTS972.161@v5
701  0 @a聂天祥@9nie tian xiang@4编著
801  0 @aCN@b91MARC@c20170905
905    @aMuseLib@dR247.1@e455
    
    护眼本草:食疗应用版/聂天祥编著.-北京:中国中医药出版社,2017.06
    252页;24cm
    
    
    ISBN 978-7-5132-4129-8:CNY48.00
    本书收集眼病常用食疗食物141味,基于本草学的理论,介绍每位食物的性味、功能、用法和使用注意,重点总结归纳每位食物在眼病食疗方面的应用,规范眼病适应证,明确食疗理念,特别详细介绍食疗方剂的制法。
●
相关链接 在E读中查询图书 在五车中查询图书 在当当中查询图书 在豆瓣中查询图书


正题名:护眼本草     索取号:R247.1/455         预约/预借

序号 登录号 条形码 馆藏地/架位号 状态 备注
1 1123327   211233271   第二样本阅览室/ [索取号:R247.1/455] 在馆    
2 1123328   211233280   第三借阅区/ [索取号:R247.1/455] 在馆    
3 1123329   211233299   第三借阅区/ [索取号:R247.1/455] 在馆    
4 1123330   211233306   第三借阅区/ [索取号:R247.1/455] 在馆    
5 1123331   211233315   密集书库-生命科学系/ [索取号:R247.1/455] 在馆    
唐山师范学院图书馆 欢迎您!
大连网信软件有限公司© 版权所有